| 000 | 00751nam a2200253Ia 4500 | ||
|---|---|---|---|
| 003 | OSt | ||
| 005 | 20220918175515.0 | ||
| 006 | a|||||r|||| 00| 0 | ||
| 007 | ta | ||
| 008 | 220917b |||||||| |||| 00| 0 eng d | ||
| 024 | _a17,679 | ||
| 037 | _cTextual | ||
| 040 |
_aARTS _cARTS _beng |
||
| 041 |
_2eng _aeng |
||
| 082 | _aQ8441v, M7 | ||
| 100 |
_aRaj Hormise Nirmal _954231 |
||
| 245 | 0 |
_aEvolution of the Sikh faith _b historical formation and development of Sikhism under the gurus |
|
| 260 |
_aNew Delhi _bUnity Book Service India _c1987 |
||
| 300 |
_aviii,260p. _ccm. |
||
| 500 | _aBib 230-43p; Glossary 244-52p | ||
| 650 | _aRELIGION | ||
| 942 |
_hQ8441v, M7 _cTEXL _2CC |
||
| 999 |
_c157845 _d157845 |
||